000
00267nam a22001217a 4500
082
_a
370.15
_b
SIM/E
100
_a
SIMON, K A
245
_a
EDUCATION BEYOND CLASSROOMS
260
_a
COCHIN
_b
K A SIMON
_c
2004
300
_a
40
650
_a
EDUCATIONAL
_z
INDIA
942
_c
BK
999
_c
5449
_d
5449